00809 2200217 4500001002100000005001500021035002000036245016200056100001300218250001800231300005700249856002200306260003300328082000800361084001400369020002200383600002000405008004100425700011500466990001000581INLIS00000000114727120260225101516 a0010-02260008911 aDONGENG PRINCESS 5 BENUA /cPenulis; Rifka RN, editor; Adib, pemeriksa aksara; Seta, ilustrator; Tim, tata sampul; Ferdika, tata isi; Tjipto, pracetak; Wardi0 aRifka RN aEdisi Pertama axvi, 96 halaman :bIlustrasi ;c20,5 x 27 cmeKertas aPerpustakaan umum aYogyakarta :bLAKSANA,c2019 a398 a398 PEN d a978-602-407-658-0 4achildrens books260225 0 0 aeditor; Adib, pemeriksa aksara; Seta, ilustrator; Tim, tata sampul; Ferdika, tata isi; Tjipto, pracetak; Wardi a//001